Top 10 NFL Teams With Highest Attendance 2024-2025 - Statistics

General Stats
  • This quiz has been taken 62 times
  • The average score is 8 of 10
Answer Stats
Avg. Attendance Team % Correct
92,972 Cowboys
95%
78,789 Jets
93%
78,470 Giants
88%
71,422 49ers
86%
73,593 Chiefs
84%
78,003 Packers
83%
73,969 Broncos
79%
71,333 Texans
79%
71,381 Falcons
76%
73,194 Chargers
74%
No matching quizzes found
Score Distribution
Percent of People with Each Score
Percentile by Number Answered
Your Score History
You have not taken this quiz